Miasta w woj. kujawsko-pomorskim - nagła śmierć - Statystyki

Ogólne statystyki
  • Ten quiz został rozwiązany 61 razy
  • Średni wynik to 17 z 28
Answers on the Grid
Answers color-coded by a green-red scale on the quiz's grid according to % correct below.
Bydgoszcz
Toruń
Włocławek
Grudziądz
Inowrocław
Chełmno
Świecie
Żnin
Mogilno
Nakło nad Notecią
Radziejów
Aleksandrów Kujawski
Ciechocinek
Lipno
Golub-Dobrzyń
Wąbrzeźno
Brodnica
Solec Kujawski
Tuchola
Sępólno Krajeńskie
Chełmża
Koronowo
Nowe
Kruszwica
Brześć Kujawski
Rypin
Szubin
Więcbork
Kwidzyn
Wałcz
Gniezno
Sierpc
Płock
Piła
Kutno
Koło
Chojnice
Chodzież
Wągrowiec
Ciechanów
Lubawa
Mława
Słupca
Strzelce Krajeńskie
 
Statystyki odpowiedzi
Odpowiedź % Poprawnych
Bydgoszcz
76%
Inowrocław
76%
Toruń
76%
Aleksandrów Kujawski
73%
Włocławek
73%
Brodnica
70%
Ciechocinek
70%
Solec Kujawski
70%
Brześć Kujawski
65%
Grudziądz
65%
Sępólno Krajeńskie
65%
Żnin
65%
Nakło nad Notecią
62%
Świecie
62%
Szubin
62%
Chełmno
59%
Chełmża
59%
Koronowo
59%
Golub-Dobrzyń
57%
Kruszwica
57%
Rypin
57%
Wąbrzeźno
57%
Lipno
54%
Mogilno
54%
Tuchola
54%
Radziejów
46%
Więcbork
41%
Nowe
38%
Nie znaleziono quizów pasujących do podanych kryteriów
Rozkład punktacji
Procent ludzi z każdym wynikiem
Percentyl według liczby udzielonych odpowiedzi
Twoja historia wyników
Nie rozwiązałeś tego quizu